[Event "World Corporate East C"]
[Site "Chess.com INT"]
[Date "2021.02.20"]
[Round "5.5"]
[White "Yadav, Kalpit"]
[Black "Athirai, S."]
[Result "0-1"]
[WhiteElo "1844"]
[BlackElo "1899"]
[PlyCount "72"]
[EventDate "2021.02.19"]
[EventType "team (rapid)"]
[EventRounds "7"]
[EventCountry "USA"]
[SourceTitle "EXT 2022"]
[Source "ChessBase"]
[SourceDate "2021.10.06"]
[SourceVersion "1"]
[SourceVersionDate "2021.10.06"]
[SourceQuality "1"]
[WhiteTeam "Ernst & Young"]
[BlackTeam "Cognizant Tamil Nadu"]
[WhiteTeamCountry "IND"]
[BlackTeamCountry "IND"]

1. e4 c5 2. Nf3 d6 3. Bb5+ Bd7 4. Bxd7+ Nxd7 5. 0-0 Ngf6 6. Qe2 e6 7. b3 Be7 8. Bb2 a6 9. c4 0-0 10. Nc3 Rc8 11. d3 Nb6 12. Rfe1 Na8 13. Kh1 Nc7 14. a4 d5 15. exd5 Re8 16. dxe6 Nxe6 17. Qd2 Qd6 18. Ne4 Nxe4 19. dxe4 Qxd2 20. Nxd2 Rcd8 21. Nf1 Rd3 22. Re3 Red8 23. g3 Rxe3 24. Nxe3 Rd2 25. Bc3 Rxf2 26. Rd1 Ng5 27. Ng4 Rc2 28. Rd7 Kf8 29. Bxg7+ Kxg7 30. Rxe7 Nf3 31. e5 h5 32. e6 hxg4 33. Rxf7+ Kg6 34. Rxf3 gxf3 35. e7 Re2 36. h4 Rxe7 0-1